| 000 | 00470nam a22002057a 4500 | ||
|---|---|---|---|
| 005 | 20250219122045.0 | ||
| 008 | 220324b2009 xxu||||| |||| 00| 0 spa d | ||
| 020 | _a9788449421044 | ||
| 041 |
_aESP _aALE |
||
| 082 | _aR 433.6 D545d | ||
| 245 | _aDiccionario Océano práctico | ||
| 260 | _aEspaña | ||
| 260 | _bOcéano | ||
| 260 | _c2009 | ||
| 300 | _a751 páginas | ||
| 650 | _aDICCIONARIOS | ||
| 650 | _aESPAÑOL | ||
| 650 | _aALEMÁN | ||
| 942 |
_cREF _2ddc |
||
| 999 |
_c13281 _d13281 |
||